La Nubie des pyramides /

محفوظ في:

المؤلف الرئيسي: Soulé-Nan, Joy (مؤلف)

التنسيق: كتاب

اللغة: French

منشور في: Monaco : Rocher, 2002.

سلاسل: Champollion.

الموضوعات:

الوسوم: إضافة وسم

لا توجد وسوم, كن أول من يضع وسما على هذه التسجيلة!

رقم الطلب: DT159.6 .N83 S695

LEADER 00704nam a22002537a 4500
003 OSt
005 20260419114722.0
008 260419t2002 mc ab 000 0 fre d
020 |a 2268041867 
040 |c ARCE Library 
043 |a f-ua---  |a f-sj--- 
050 1 4 |a DT159.6 .N83  |b S695 
100 1 |a Soulé-Nan, Joy,   |e author 
245 1 3 |a La Nubie des pyramides /   |c Joy Soulé-Nan. 
264 1 |a Monaco :   |b Rocher,   |c 2002. 
300 |a 376 pages :   |b illustrations (some color), maps ;   |c 24 cm. 
490 0 |a Champollion. 
650 0 |a Pyramids  |z Nubia. 
651 0 |a Nubia  |x Antiquities. 
651 0 |a Nubia  |x History. 
830 |a Champollion. 
901 |a reviewed 
942 |c BK  |2 lcc 
999 |c 21077  |d 21077